Child Welfare

Detalles Bibliográficos
Formato: Desconocido
Lenguaje:inglés
Publicado: Washington DC : Child Welfare League of America, 1922-
Materias:
Acceso en línea:http://www.vlex.com/source/7171

MARC

LEADER 00000 a2200000 4500
005 20130315121245.0
007 cr|||| ||||
008 130315c19229999xxufr|p s|||| 0|||a1eng d
035 |a 7171 
040 |a vLex 
090 |c 3931  |d 3931 
245 0 0 |a Child Welfare  |h [Recurso electrn̤ico]  
256 |a Servicio en ln̕ea 
260 |a Washington DC :  |b Child Welfare League of America,   |c 1922- 
300 |a 1 Recurso electrn̤ico 
506 |d vLex Global  |d vLex Global (Academic Edition, excluding Law Schools)  |d vLex Global (U.S. Academic Edition, Law Schools)  |d vLex Global (U.S. Academic Edition, excluding Law Schools)  |d vLex Global (Academic Edition, Law Schools) 
650 0 4 |a Derechos humanos  |v Revistas 
650 0 4 |a Infancia  |v Revistas 
740 |a vLex Revistas (Servicio en ln̕ea) 
856 |a Acceso restringido  |u http://www.vlex.com/source/7171 
942 |c REV